000 00981nam a2200301 4500
003 EG-GICUC
005 20260415141821.0
008 260415s1943 fr ||||fr|||| 000 0 fre d
040 _aEG-GiCUC
_bfre
_cEG-GiCUC
_dEG-GiCUC
_eRda
041 _afre
_hfre
082 0 4 _221
_a341.64
_bBA . N
092 0 4 _221
099 _aLaw 11 341.64 BA . N 1943
100 1 _aBacot, Bernard
_eAuteur
245 1 3 _aDes neutralités durables: origine, domaine et efficacité /
_cPar Bernard Bacot.
264 1 _aParis;
_bRecueil Sirey,
_c1943.
300 _a402 page :
_billustration ;
_c 24 cm.
336 _2rda contenu
_a texte
337 _2rda medias
_aOrdinateur
338 _2 transporteur rda
_a Ressource en ligne
504 _aBibliography: pages 200-250. 240-220
546 _aTexte en français
650 1 _aDroit international public
_2qrmak
651 1 _2qrmak
856 4 0 _uhttps://fll.law.cu.edu.eg/fulltext/bks/B11-08402.pdf
905 _a31
942 _2ddc
_n0
_cBK
_e21
999 _c71066
_d71066